Переходные процессы в микродвигателях постоянного тока при импульсном питании

Библиографические подробности
Главный автор: Бельман М. Х. Моисей Хаимович
Язык:русский
Опубликовано: Ленинград, Энергия, 1975
Предметы:
Формат: Книга
Запись в KOHA:https://koha.lib.tpu.ru/cgi-bin/koha/opac-detail.pl?biblionumber=144309

MARC

LEADER 00000nam0a2200000 4500
001 144309
005 20231031143613.0
035 |a (RuTPU)RU\TPU\book\156395 
090 |a 144309 
100 |a 20081001d1975 km y0rusy50 ca 
101 0 |a rus 
102 |a RU 
105 |a a z 001zy 
200 1 |a Переходные процессы в микродвигателях постоянного тока при импульсном питании  |f М. Х. Бельман 
210 |a Ленинград  |c Энергия  |d 1975 
215 |a 184 с.  |c ил. 
320 |a Список литературы: с. 174-182. 
610 1 |a микроэлектродвигатели 
610 1 |a постоянный ток 
610 1 |a переходные процессы 
610 1 |a импульсное питание 
610 1 |a нелинейность 
675 |a 621.313.13  |v 3 
700 1 |a Бельман  |b М. Х.  |g Моисей Хаимович 
801 1 |a RU  |b 63413507  |c 20081001  |g PSBO 
801 2 |a RU  |b 63413507  |c 20150306  |g PSBO 
942 |c BK